000 00801nam a2200241 a 4500
003 OSt
005 20131017193104.0
008 131017s2002 ag ||||| |||| 00| 0 spa d
040 _cBiblioteca Medicina
041 _aspa
082 _bCONGRESOS 040
100 1 _aRovere, Mario
_92739
245 0 0 _aSeminario III: Gestion estrategica de las Organizaciones de Ciencia y Tecnologia en Salud
250 _a1ยบ ed.
260 _aBuenos Aires
_bCentro de Estudios de Estado y Sociedad
_c2002
300 _a42 p.
440 0 _aSeminarios Salud y Politica Publica
_92706
653 _aTECNOLOGIA Y SALUD-GESTION
653 _aCIENCIA-GESTION
856 _awww.cedes.org
942 _2ddc
_cPH
999 _c1819
_d1819
952 _40
_00
_bBFM
_10
_oCONGRESOS 040
_d2013-10-17
_tEj. 1
_8NFIC
_70
_cCR
_2ddc
_yPH
_aBFM